Ariete Quiz - Statistics

Statistiche generali
  • Questo quiz è stato fatto 38 volte
  • Il punteggio medio è 24 su 34
Statistiche sulle risposte
Anno Album Risposta % Corretto
2020 18 anni
93%
2020 18 anni 18 anni
93%
2019 Quel bar
89%
2020 Spazio Amianto
86%
2021 L
86%
2022 Specchio L
86%
2020 Spazio Pillole
86%
2023 Mare di guai
79%
2019 01/12
75%
2022 Specchio Iride
75%
2020 18 anni Mille guerre
75%
2020 Venerdì
75%
2020 18 anni Venerdì
75%
2022 Specchio Castelli di lenzuola
71%
2022 Specchio Cicatrici
71%
2020 18 anni Freddo
71%
2020 18 anni Nottataccia
71%
2020 Riposa in pace
71%
2020 Spazio Riposa in pace
71%
2020 Spazio Solo te
71%
2020 Spazio Avrei voluto dirti
68%
2021 L'ultima notte
68%
2022 Specchio Spifferi
68%
2022 Specchio Avviso
64%
2020 Spazio Insicuri
64%
2023 Un'altra ora
64%
2021 Club
61%
2022 Specchio Club
61%
2022 Specchio Specchio (interludio)
61%
2020 18 anni Stare male
61%
2022 Specchio Fragili
57%
2022 Specchio Giornate noiose
57%
2022 Specchio Quella di prima
57%
2022 Tutto (con te)
46%
Nessun quiz corrispondente trovato
Distribuzione punteggi
Percentuale di utenti per punteggio
Percentile per numero di risposta
I tuoi punteggi nel tempo
Non hai fatto questo quiz